| 000 | 01069cam a2200289 a 4500 | ||
|---|---|---|---|
| 001 | 1071596 | ||
| 003 | OSt | ||
| 005 | 20160426155204.0 | ||
| 008 | 911002s1992 nyua 001 0 eng | ||
| 010 | _a 91035885 | ||
| 040 |
_aDLC _cDLC _dDLC |
||
| 050 | 0 | 0 |
_aQC21.2 _b.R47 1992 |
| 082 | 0 | 0 |
_a530 _220 _bHAL 1962 |
| 100 | 1 |
_aHalliday, David, _98105 |
|
| 245 | 1 | 0 |
_aPhysics / _cRobert Resnick, David Halliday. |
| 260 |
_aNew York : _bWiley, _c1962. |
||
| 300 |
_a2 v. (1020, [34] p.) : _bill. ; _c29 cm. |
||
| 500 | _aVol. 2 by David Halliday, Robert Resnick, Kenneth S. Krane. | ||
| 500 | _aIncludes indexes. | ||
| 650 | 0 |
_aPhysics. _9809 |
|
| 700 | 1 |
_aResnick, Robert, _98106 |
|
| 856 | 4 |
_3Table of Contents only _uhttp://www.loc.gov/catdir/toc/onix05/91035885.html |
|
| 856 | 4 | 2 |
_3Publisher description _uhttp://www.loc.gov/catdir/enhancements/fy0607/91035885-d.html |
| 906 |
_a7 _bcbc _corignew _d1 _eocip _f19 _gy-gencatlg |
||
| 942 |
_2ddc _cSLOAN |
||
| 999 |
_c3641 _d3641 |
||